00722nam a2200241 a 4500001001300000003000900013005001700022008004100039020001000080082001600090100002400106245001900130260005400149300000900203500003500212505003800247650002500285700002400310902000800334942000700342952011600349999001500465nice12345678IN_TiNIC20260116011738.0050524s1956 hyda grp 000 0 urd  ac10000a922.97bIQB aIqbal, S S Muhammad aFalsafa-I-Ajam aHyderabad bMarkazi Anjuman Taleemus Salat c1956 a184p aincludes index and biblioraphy2 aChristian Students` Library No.29 aIqbal Muhammad-Works1 aIqbal, S S Muhammad bSRS cBK 001040708StackRoom-aHMIbHMId2007-06-06g100.00l0o922.97 IQBp08528r2007-06-06v100.00w2005-05-24yBK c3657d3657